01278nam a2200277 a 450000100060000000300080000600500170001400800410003103500190007204000350009104100080012608200250013410000260015924502190018526000800040430000460048450200850053050400320061565000360064770000550068370000420073870000440078094200130082499900170083795201460085484337BD-RjUL20241120170957.0241120s2023 bg a|||| m||| 00| 0 eng d a(BD-RjUL)84337 aBD-RjULbengcBD-RjULdBD-RjUL aeng 223a615.82bTAS 2023 aTalha, Md. Abu91435110aSTUDY ON LOW BACK PAIN DURING HARVESTING AND ITS :bSUSTAINABLE MANAGEMENT USING PHYSIOTHERAPY TECHNIQUE /cMd. Abu Talha6Principal Supervisor : Md. Redwanur Rahman Co-Supervisors : Zakiya Yasmin & Md. Nurul Islam aRajshahi :bInstitute of Environmental Science,University of Rajshahic2023 a[1], xv, [1], 142 leaves :bill.;c29 cm. aThesis (Ph.D.) -- Institute of Environmental Science,University of Rajshahi,2023 aReferences : Leaves 101-110 aPhysiotherapyvBack pain914352 aRahman, Md. Redwanur, Principal Supervisor 97838 aYasmin, Zakiya, Co-Supervisors914353 aIslam, Md. Nurul, Co-Supervisors914354 2ddccTHE c84337d84337 102ddc40718THESESaRUCLbRUCLcDoc/Thed2024-11-17eController of Exam. R.U.l0oTHE 615.82 TAS 2023pD5013r2024-11-20 00:00:00tC-1yTHE